000 00695nam a2200229 a 4500
001 000047798
005 20240530073924.0
008 180810s2007 dr r 000 0 spa d
020 _a9993456047
040 _aDO-SdBNP
_bspa
_cBNPHU
082 _aRD863.44
_bA445d
100 1 _aAlmánzar R., Armando,
_d1935-2017
_916073
245 1 0 _aDesconocido en el parque /
_cArmando Almánzar R.
260 _aSanto Domingo :
_bNorma,
_c2007.
300 _a125 p. ;
_c22 cm.
490 1 _aLa otra orilla
590 _aInventariado, 2019/BT
650 0 _aNovela dominicana
_9223
650 0 _aLiteratura dominicana.
_967
830 0 _aLa otra orilla
_91904
910 _aValidado. Control de calidad. MFF
999 _c47286
_d47286